Nursery Rhymes to A.I. Image - Statistics

General Stats
  • This quiz has been taken 185 times
  • The average score is 16 of 28
Answer Stats
Hint Answer % Correct
Three Blind Mice
84%
Humpty Dumpty
81%
Baa, Baa, Black Sheep
81%
London Bridge is Falling Down
76%
Row, Row Row Your Boat
75%
Twinkle, Twinkle, Little Star
75%
Hot Cross Buns
73%
Peter, Peter, Pumpkin Eater
73%
Ring a Ring o' Roses
73%
Little Miss Muffet
70%
It's Raining, It's Pouring
69%
Jack and Jill
69%
This Old Man
66%
Hickory Dickory Dock
63%
Mary Had a Little Lamb
63%
Hey Diddle DIddle
60%
Pat-a-cake, Pat-a-cake
60%
Rub-a-dub-dub
60%
Old Mother Hubbard
52%
Mary, Mary, Quite Contrary
51%
Little Boy Blue
45%
Little Jack Horner
45%
Pop Goes the Weasel
41%
Jack Sprat
31%
Georgie Porgie
29%
Old King Cole
27%
One, Two, Buckle My Shoe
22%
Wee Willie Winkie
22%
No matching quizzes found
Score Distribution
Percent of People with Each Score
Percentile by Number Answered
Your Score History
You have not taken this quiz